A fresh look at the UK and USbuilding industries (Record no. 90892)
[ view plain ]
| 000 -LEADER | |
|---|---|
| fixed length control field | 01083cam a2200349 4500 |
| 008 - FIXED-LENGTH DATA ELEMENTS--GENERAL INFORMATION | |
| fixed length control field | 090401t1986 xxu||||| |||| 00| 0 eng d |
| 020 ## - INTERNATIONAL STANDARD BOOK NUMBER | |
| International Standard Book Number | 1852630019 |
| 035 ## - SYSTEM CONTROL NUMBER | |
| System control number | (Sirsi) u40898 |
| 041 ## - LANGUAGE CODE | |
| Language code of text/sound track or separate title | eng |
| 050 ## - LIBRARY OF CONGRESS CALL NUMBER | |
| Classification number | 338.4369 |
| -- | 18 |
| 100 ## - MAIN ENTRY--PERSONAL NAME | |
| Personal name | Flanagan, Roger |
| 245 #2 - TITLE STATEMENT | |
| Title | A fresh look at the UK and USbuilding industries |
| Remainder of title | a report |
| 260 ## - PUBLICATION, DISTRIBUTION, ETC. | |
| Place of publication, distribution, etc. | London |
| Name of publisher, distributor, etc. | Building Employers Confederation |
| Date of publication, distribution, etc. | 1986 |
| 300 ## - PHYSICAL DESCRIPTION | |
| Extent | 62p. |
| Other physical details | ill. |
| Dimensions | 30cm. |
| 350 ## - PRICE (NR) (BK AM CF MU VM SE) [OBSOLETE] | |
| Price | 21.50 |
| 505 ## - FORMATTED CONTENTS NOTE | |
| Formatted contents note | The need for a futher comparison |
| 505 ## - FORMATTED CONTENTS NOTE | |
| Formatted contents note | An economic perspective |
| 505 ## - FORMATTED CONTENTS NOTE | |
| Formatted contents note | Construction and the client |
| 505 ## - FORMATTED CONTENTS NOTE | |
| Formatted contents note | Getting buildings designed |
| 505 ## - FORMATTED CONTENTS NOTE | |
| Formatted contents note | Buildings approvals |
| 505 ## - FORMATTED CONTENTS NOTE | |
| Formatted contents note | The speed of construction |
| 505 ## - FORMATTED CONTENTS NOTE | |
| Formatted contents note | The construction process and the site |
| 505 ## - FORMATTED CONTENTS NOTE | |
| Formatted contents note | Comparing construction prices |
| 650 ## - SUBJECT ADDED ENTRY--TOPICAL TERM | |
| Topical term or geographic name entry element | UNITED STATES |
| 690 ## - LOCAL SUBJECT ADDED ENTRY--TOPICAL TERM (OCLC, RLIN) | |
| Topical term or geographic name as entry element | BUILT ENVIRONMENT |
| 700 ## - ADDED ENTRY--PERSONAL NAME | |
| Personal name | Norman, George |
| 700 ## - ADDED ENTRY--PERSONAL NAME | |
| Personal name | Ireland, Vernon |
| 700 ## - ADDED ENTRY--PERSONAL NAME | |
| Personal name | Ormerod, Richard |
| 710 ## - ADDED ENTRY--CORPORATE NAME | |
| Corporate name or jurisdiction name as entry element | University of Reading |
| Subordinate unit | Department of Construction Management |
| 9 (RLIN) | 4733 |
| 942 ## - ADDED ENTRY ELEMENTS (KOHA) | |
| Suppress in OPAC | 0 |
| 948 ## - LOCAL PROCESSING INFORMATION (OCLC); SERIES PART DESIGNATOR (RLIN) | |
| c (OCLC) | 04/03/1997 |
| Withdrawn status | Lost status | Source of classification or shelving scheme | Damaged status | Not for loan | Home library | Current library | Shelving location | Date acquired | Cost, normal purchase price | Total Checkouts | Full call number | Barcode | Date last seen | Date last checked out | Copy number | Cost, replacement price | Price effective from | Koha item type |
|---|---|---|---|---|---|---|---|---|---|---|---|---|---|---|---|---|---|---|
| Dewey Decimal Classification | London | London | Folio | 14/09/1999 | 21.50 | 2 | F338.4369 FLA | 30003706 | 06/08/2019 | 08/10/2004 | 1 | 21.50 | 06/08/2019 | Book |